000
00330nam a22001457a 4500
008
230329b ||||| |||| 00| 0 eng d
020
_a
0916442012
041
_a
eng
080
_2
FIFTH EDITION
_a
621
082
_a
621CIP
100
_a
19
101
_a
MEKATRO
245
_a
HANDBOOK DUCTILE IRON PIPE
_c
CIPRA
942
_2
udc
_c
BK
999
_c
59473
_d
59473